<?xml version="1.0" encoding="UTF-8"?>
<collection xmlns="http://www.loc.gov/MARC21/slim">
 <record>
  <leader>00844cam a2200217 7i4500</leader>
  <controlfield tag="001">0000080281</controlfield>
  <controlfield tag="005">20140612090000.0</controlfield>
  <controlfield tag="008">100810s2010    nju                 eng   </controlfield>
  <datafield tag="020" ind1="#" ind2="0">
   <subfield code="a">9780205683581 </subfield>
  </datafield>
  <datafield tag="020" ind1="#" ind2="0">
   <subfield code="a">0205683584 </subfield>
  </datafield>
  <datafield tag="090" ind1="0" ind2="0">
   <subfield code="a">HF 5548.8 </subfield>
   <subfield code="b">.S3 2006</subfield>
  </datafield>
  <datafield tag="100" ind1="1" ind2="#">
   <subfield code="a">Schultz, Duane P. </subfield>
  </datafield>
  <datafield tag="245" ind1="1" ind2="0">
   <subfield code="a">Psychology and work today : </subfield>
   <subfield code="b">an introduction to industrial and organizational psychology  </subfield>
   <subfield code="c">Duane P. Schultz, Sydney Ellen Schultz.</subfield>
  </datafield>
  <datafield tag="250" ind1="#" ind2="#">
   <subfield code="a">10th ed..</subfield>
  </datafield>
  <datafield tag="260" ind1="#" ind2="#">
   <subfield code="a">Upper Saddle River, N. J.: </subfield>
   <subfield code="b">Prentice Hall/Pearson Education, Inc., </subfield>
   <subfield code="c">2010.</subfield>
  </datafield>
  <datafield tag="300" ind1="#" ind2="#">
   <subfield code="a">xxiv, 426 p.: </subfield>
   <subfield code="b">ill.; </subfield>
   <subfield code="c">27 cm..</subfield>
  </datafield>
  <datafield tag="504" ind1="0" ind2="0">
   <subfield code="a">Includes bibliographical references and index</subfield>
  </datafield>
  <datafield tag="590" ind1="#" ind2="#">
   <subfield code="a">Pusat Pengajian Pembangunan Sosial dan Ekonomi</subfield>
  </datafield>
  <datafield tag="650" ind1="0" ind2="0">
   <subfield code="a">Psychology, industrial </subfield>
  </datafield>
  <datafield tag="700" ind1="1" ind2="1">
   <subfield code="a">Schultz, Sydney Ellen </subfield>
  </datafield>
  <datafield tag="999" ind1=" " ind2=" ">
   <subfield code="a">1100077445</subfield>
   <subfield code="b">Book</subfield>
   <subfield code="c">Open Shelf</subfield>
   <subfield code="e">KOLEKSI TERBUKA</subfield>
  </datafield>
 </record>
</collection>
